| 000 | 00596nam a2200217Ia 4500 | ||
|---|---|---|---|
| 003 | GCL | ||
| 008 | 140319s9999 xx 000 0 ara d | ||
| 040 |
_aGCL / _cGCL |
||
| 082 | 0 | 4 |
_a330.1 _bح ف |
| 100 | 1 | _aحازم الببلاوى | |
| 245 | 1 | 0 |
_aفى الحرية والمساواة / _cحازم الببلاوى |
| 300 | _a260 ص | ||
| 490 | _a | ||
| 650 | 0 | 4 | _aالاقتصاد |
| 650 | 0 | 4 | _aالتخطيط الاقتصادى |
| 650 | 0 | 4 | _aالسياسة |
| 650 | 0 | 4 | _aالعلاقات الخارجية |
| 650 | 0 | 4 | _aالحرية |
| 650 | 0 | 4 | _aالمساواة |
| 942 |
_2ddc _cBK |
||
| 999 |
_c39767 _d39767 |
||